000 00628nam a2200241Ia 4500
003 OSt
005 20140315094056.0
008 140130s9999 xx 000 0 und d
020 _a9780439590761
050 _aPZ 7
_b.N964Aac 2003
100 _aNumeroff, Laura.
245 _cLaura Numeroff.
_a10-Step Guide to Living with your Monster /
260 _bScholastic Inc.,
_cc2003.
_aUSA :
300 _a30 p. :
_bcol. ill. ;
_c30 cm.
440 _v1
521 _aG2
526 _c450
650 _aMonsters
_xFiction.
650 _aPets
_xFiction.
650 _aHumorous stories.
942 _cBK
_2lcc
999 _c40367
_d40367